| 000 | 00725nas a2200229 4500 | ||
|---|---|---|---|
| 001 | BR8200673 | ||
| 003 | BR-BrBNA | ||
| 005 | 20231205085018.0 | ||
| 007 | ta | ||
| 008 | 230509b bl.|||p| |||| 00| 00por d | ||
| 040 |
_aBR-BrBNA _bpor _cBiblioteca Nacional de Agricultura |
||
| 041 | _a(Pt) | ||
| 072 | _aP05 | ||
| 100 | 1 | _aDeahl, J. | |
| 245 | 1 | _aPublicacoes tecnicas sobre energia solar existentes nos EUA [Estados Unidos da America] | |
| 650 | _aRecurso energetico | ||
| 650 | _aEnergia solar | ||
| 650 | _aEstados Unidos da America | ||
| 773 | 0 |
_tEnergia Fontes Alternativas (Brazil) _xISSN 0100-6371 _g(Nov 1981), v. 3(17) p. 41-43 _wBR8200673 |
|
| 909 |
_a202311 _bLúcia _c55 _dLúcia Elande |
||
| 942 |
_2AGRIS _n0 _cANA |
||
| 999 |
_c108663 _d108663 |
||